Statistics for Top 20 German speaking cities in world

Click here to take the quiz!

General Stats

  • This quiz has been taken 272 times
  • The average score is 13 of 20

Answer Stats

PopAnswer% Correct
3.4 millBerlin
99%
1.3 millMunich
96%
1.7 millHamburg
94%
679000Frankfurt
90%
1.7 millVienna
90%
1.0 millCologne
85%
588000Dusseldorf
81%
606000Stuttgart
76%
383000Zurich
76%
523000Dresden
73%
522000Leipzig
72%
574000Essen
67%
580000Dortmund
65%
547000Bremen
61%
522000Hanover
52%
599000Graz
48%
489000Duisburg
37%
505000Nuremberg
33%
374000Bochum
27%
349000Wuppertal
23%

Score Distribution

Percentile by Number Answered

Percent of People with Each Score

Your Score History

You have not taken this quiz